Informal Sectors in the Economy:Pertinent Issues/ (Record no. 192797)

MARC details
000 -LEADER
fixed length control field 00658nam a22001937a 4500
005 - DATE AND TIME OF LATEST TRANSACTION
control field 20221004150032.0
010 ## - LCCN (DPL NO)
LC control number ENG-135298
020 ## - INTERNATIONAL STANDARD BOOK NUMBER
Terms of availability 250.00
International Standard Book Number 9789389146462
035 ## - SYSTEM CONTROL NUMBER
System control number EN-118830
037 ## - SOURCE OF ACQUISITION
Source of stock number/acquisition DBAD/PUB
082 ## - DEWEY DECIMAL CLASSIFICATION NUMBER
Classification number 330.0954
245 ## - TITLE STATEMENT
Title Informal Sectors in the Economy:Pertinent Issues/
Statement of responsibility, etc edited by Sindhu P.J.[and] Nithin Thomas
260 ## - PUBLICATION, DISTRIBUTION, ETC. (IMPRINT)
Place of publication, distribution, etc Tamil Nadu
Name of publisher, distributor, etc Shanlax Publications
Date of publication, distribution, etc 2019
270 ## - ADDRESS
Address 61,66 T.P.K.Main Road Vasantha Nagar Madurai,
City Tamil Nadu
Postal code 625003
300 ## - PHYSICAL DESCRIPTION
Extent 135p.
Dimensions 22cm(pbk)
500 ## - GENERAL NOTE
General note Includes bibliographical references and index
700 ## - ADDED ENTRY--PERSONAL NAME
Personal name Thomas,Nithin
942 ## - ADDED ENTRY ELEMENTS (KOHA)
Source of classification or shelving scheme Dewey Decimal Classification
Item type English Books
Call number suffix INF
Classification part 330.0954
Holdings
Withdrawn status Lost status Not for loan Collection code Home library Current library Date acquired Source of acquisition Cost, normal purchase price Full call number Barcode Copy number Cost, replacement price Koha item type
      Non-fiction Bawana Bawana 04/10/2022 DBAD/PUB 250.00 330.0954 INF EN-118830 1 250.00 English Books

© Delhi Public Library
Hit Counter
free hit counter